000 00869nam a2200253 a 4500
001 000023421
005 20200930022216.0
008 101207s1986 sp r 000 e spa d
020 _a848631111X
040 _aDO-SdBNP
_bspa
_cBNPHU
041 1 7 _aspa
_heng
_2Código de idiomas MARC
082 _annnn
_bS554r
100 1 _aShevchenko, Arkadi N.,
_d1930-1998
_948260
240 1 0 _aBreaking with Moscow.
_lEspañol.
245 1 0 _aRuptura con Moscú /
_cArkadi N. Shevchenko ; traducción de Carlos Peralta.
260 _aBarcelona :
_bVersal,
_c1986.
300 _a468 p. ;
_c22 cm.
490 1 _aPunto y acento
504 _aIncluye referencias bibliográficas y notas al pie de las páginas.
534 _pTítulo original en inglés:
_tBreaking with Moscow.
_c1985
700 1 _aPeralta, Carlos,
_etr.
_948110
830 0 _aPunto y acento
_948261
049 _aBNGR
999 _c22918
_d22918